| 000 | 00799nam a22002417a 4500 | ||
|---|---|---|---|
| 003 | UA-OsUOA | ||
| 001 | 76281 | ||
| 007 | ta | ||
| 008 | 20110622b un ||||| |||| 00| 0 ukr d | ||
| 100 | _aГоловченко В.І. | ||
| 090 |
_a94(5+6)"18/19" _bГ61 |
||
| 942 | _cBK | ||
| 040 |
_aUA-OsUOA _bukr _cUA-OsUOA _dUA-OsUOA |
||
| 245 |
_aНова історія Азії та Африки: колоніальний Схід (кінець ХІХ - друга третина ХХ ст.) _bнавч. посіб. |
||
| 300 | _a520 с. | ||
| 955 | _a2 | ||
| 041 | _aukr | ||
| 080 | _a94(5+6)"18/19" | ||
| 020 | _a978-966-06-0576-3 | ||
| 260 |
_aК. _bЛибідь _c2010 |
||
| 650 | 7 |
_a6 Прикладні науки. Медицина. Технологія _2UDC |
|
| 999 |
_c362591 _d362591 |
||